| 000 | 00859nac a22002651i 4500 | ||
|---|---|---|---|
| 003 | EG-ScBUE | ||
| 005 | 20240715123846.0 | ||
| 008 | 231101t1992 enka f 001 0 eng d | ||
| 020 | _a1854102346 | ||
| 040 |
_aEG-ScBUE _beng _erda _cEG-ScBUE _dEG-ScBUE |
||
| 082 | 0 | 4 |
_a902.02 _bTRA _222 |
| 100 | 1 |
_aTrager, James, _eauthor. |
|
| 245 | 1 | 4 |
_aThe people's chronology : _ba year-by-year record of human events from prehistory to the present / _cJames Trager. |
| 250 | _aRevised and updated edition. | ||
| 264 | 1 |
_aLondon : _bAurum Press, _c[1992] |
|
| 264 | 4 | _cc1992 | |
| 300 |
_aix, 1237 pages : _billustrations ; _c25 cm |
||
| 336 |
_2rdacontent _atext _btxt |
||
| 337 |
_aunmediated _2rdamedia _bn |
||
| 338 |
_avolume _bnc _2rdacarrier |
||
| 500 | _aIncludes index. | ||
| 650 | 7 |
_aChronology, Historical. _2BUEsh |
|
| 655 | _vReading book | ||
| 942 |
_cNB _2ddc |
||
| 999 |
_c9745 _d9745 |
||